01454nam a22003614a 4500001001200000003000800012006001900020007001500039008004100054010001700095020001500112040002100127035002000148050002400168082002100192100002000213245013700233260006800370300001700438490003600455504006400491533015200555650003800707650003700745650003800782650001900820651002700839655002900866710001700895830003700912856012600949999001701075ebr10022036CaPaEBRm u cr cn|||||||||010925s2002 enk sb 001 0 eng  z 2001043956 z0521813344 aCaPaEBRcCaPaEBR a(OCoLC)5261360914aHD7175b.D83 2002eb04a361.6/5/09442211 aDutton, Paul V.10aOrigins of the French welfare stateh[electronic resource] :bthe struggle for social reform in France, 1914-1947 /cPaul V. Dutton. aCambridge, UK ;aNew York :bCambridge University Press,c2002. axiii, 251 p.1 aNew studies in European history aIncludes bibliographical references (p. 226-245) and index. aElectronic reproduction.bPalo Alto, Calif. :cebrary,d2013.nAvailable via World Wide Web.nAccess may be limited to ebrary affiliated libraries. 0aSocial securityzFrancexHistory. 0aPublic welfarezFrancexHistory. 0aSocial problemszFrancexHistory. 0aWelfare state. 0aFrancexSocial policy. 7aElectronic books.2local2 aebrary, Inc. 0aNew studies in European history.40uhttp://site.ebrary.com/lib/rucke/Doc?id=10022036zAn electronic book accessible through the World Wide Web; click to view c24501d24501